000 00369nam a2200133Ia 4500
008 220217s9999 xx 000 0 und d
245 0 _aSpecification for braided welding and cutting hose of rubber
260 _aNew Delhi
260 _c1966
_bISI
490 _aHoses subcommittee, CDC 6:3
500 _aStandard number: IS 3572
650 _aRubber hose
942 _cST
999 _c73705
_d73705